Povodne v Slovenskej republike v rokoch 1996-2005 a ich následky

Prehľad a opis povodní na Slovensku po jednotlivých rokoch. Následky povodní za obdobie rokov 1996-2005 - zaplavené územia (ha), škody po povodniach, náklady na záchranné a zabezpečovacie práce.

Salvato in:
Dettagli Bibliografici
Autore principale: Abaffy, Dušan
Natura: Capitolo di libro
Lingua:slovacco
Soggetti:
Tags: Aggiungi Tag
Nessun Tag, puoi essere il primo ad aggiungerne!!

MARC

LEADER 00000naa$a2200000$$$4500
001 0040836
005 20230720094322.3
041 0 |a slo 
044 |a SK 
245 1 0 |a Povodne v Slovenskej republike v rokoch 1996-2005 a ich následky  |c Dušan Abaffy 
520 |a Prehľad a opis povodní na Slovensku po jednotlivých rokoch. Následky povodní za obdobie rokov 1996-2005 - zaplavené územia (ha), škody po povodniach, náklady na záchranné a zabezpečovacie práce. 
610 2 0 |a povodne 
610 2 0 |a Slovensko 
610 2 0 |a škody 
610 2 0 |a 1996-2005 
100 1 |a Abaffy, Dušan